Datum a čas kvízu

20.5 Celkem bodů Celkový počet nahraných bodů na tomto kvízu bez doplňovacích otázek.
8. Pořadí na kvízu Konečné umístění týmu na tomto kvízu.

Zaznamenané odpovědi

# Otázka Odpověď Body Výsledky
1. S návrhem na přejmenování jedn... o Ústeckém kraji 1
2. Ve středu byl slavnostně inaug... Karol Nawrocki 0
3. Bývalý člen jedné britské chla... Harry Styles 0
4. Minulý týden byl vypuštěn do s... Mafia; Domovina (The Old Country) 0
5. Minulý týden kolovalo sociální... Nizozemci 0
6. Zobrazená živorodka duhová či... paví očko 0
7. Řadě doma chovaných zvířat se... sépie (sépiová kost) 0
8. Pokud máte psa s průkazem půvo... bonitace 0
9. Do hraček a dalšího příslušens... šanta 1
10. V poslední otázce přejdeme od... podkladek 1